Welcome to CU Library Online Public Access Catalogue (OPAC)

Biology : (Record no. 2094)

MARC details
000 -LEADER
fixed length control field 00708nam a2200217 a 4500
001 - CONTROL NUMBER
control field 2526260
005 - DATE AND TIME OF LATEST TRANSACTION
control field 20241212104659.0
008 - FIXED-LENGTH DATA ELEMENTS--GENERAL INFORMATION
fixed length control field 940304s1994 maua b 001 0 eng
020 ## - INTERNATIONAL STANDARD BOOK NUMBER
International Standard Book Number 0669340758 (instructor's ed.)
020 ## - INTERNATIONAL STANDARD BOOK NUMBER
International Standard Book Number 9780669334944
050 00 - LIBRARY OF CONGRESS CALL NUMBER
Classification number QH308.2
Item number .L45 1994
082 00 - DEWEY DECIMAL CLASSIFICATION NUMBER
Classification number 574
Edition information 20
100 1# - MAIN ENTRY--PERSONAL NAME
Personal name Levine, Joseph S.
245 10 - TITLE STATEMENT
Title Biology :
Remainder of title discovering life /
Statement of responsibility, etc. Joseph S. Levine, Kenneth R. Miller.
250 ## - EDITION STATEMENT
Edition statement 2nd ed., instructor's ed.
260 ## - PUBLICATION, DISTRIBUTION, ETC.
Place of publication, distribution, etc. Lexington, Mass. :
Name of publisher, distributor, etc. D.C. Heath and Company
Date of publication, distribution, etc. c1994.
300 ## - PHYSICAL DESCRIPTION
Extent 13, xxxi, 988, 57 p. :
Other physical details ill. (some col.) ;
Dimensions 29 cm.
650 #0 - SUBJECT ADDED ENTRY--TOPICAL TERM
Topical term or geographic name entry element Biology.
700 1# - ADDED ENTRY--PERSONAL NAME
Personal name Miller, Kenneth R.
Fuller form of name (Kenneth Raymond),
Dates associated with a name 1948-
942 ## - ADDED ENTRY ELEMENTS (KOHA)
Source of classification or shelving scheme Library of Congress Classification
Koha item type Books
Edition 2nd ed.
Suppress in OPAC No
999 ## -
-- 2094
-- 2094
Holdings
Withdrawn status Lost status Source of classification or shelving scheme Damaged status Not for loan Collection Home library Current library Shelving location Date acquired Total checkouts Full call number Barcode Date last seen Copy number Price effective from Koha item type
    Library of Congress Classification     Non-fiction Science Library (Miotso) Science Library (Miotso) General stacks 12/12/2024   QH308.2 .L45 LEV SLM00001216 12/12/2024 1 12/12/2024 Books
    Library of Congress Classification     Non-fiction Science Library (Miotso) Science Library (Miotso) General stacks 12/12/2024   QH308.2 .L45 LEV SLM00001217 12/12/2024 2 12/12/2024 Books
© 2023-2024 Copyright: Central University Libraries. All Rights Reserved | Created by: Mahone Tech Office